LEADER 01428nam a2200325 i 4500 001 000000183687 003 CaOOAMICUS 005 20091124000000.0 008 091124s1985 it u000 u ita u 013 $a161655 020 $a88-215-0922-2 040 $aSeMil$bita 100 1 $aRossano, Piero,$c.$0(OLS)http://semarc/name/4098 245 10$aVangelo e cultura :$bnote per un incontro tra il Vangelo e la cultura contemporanea /$cPietro Rossano Vescovo ausiliare di Roma. 250 $a2. edizione. 260 $aRoma :$bEdizioni Paoline,$ccopyr. 1985. 300 $a79 p. ;$c20 cm. 490 0 $aVescovi per la Chiesa universale ;$v1 500 $aIn appendice : La promozione della cultura. - Fondo Card. C.M. Martini. 650 4$aVangelo e cultura.$0(OLS)http://semarc/subject/34713 830 0$aVescovi per la Chiesa universale ;$v1.$0(OLS)http://semarc/title/401784 850 $aSeMil 852 $aSeMil$W1$xVenegono$y1$m3E III 290$j134387$B134387$CSeMilBibl$Z2$F146011 $81 900 1 $aRossano, Pietro. 941 1 $a4 961 $aOmaggio: Martini Card. Carlo Maria 996 $6020$a88-215-0922-2$9(OLS)http://semarc/number/173470 996 $6245$aVangelo e cultura :$bnote per un incontro tra il Vangelo e la cultura contemporanea$9(OLS)http://semarc/title/263634 996 $6260$aRoma :$bEdizioni Paoline$9(OLS)http://semarc/publisher/29700 LEADER 01106nam a2200277 i 4500 001 000000169904 003 CaOOAMICUS 005 20181022164622.0 008 080317s1968 it u000 u ita u 013 $a147309 040 $aSeMil$bita 100 1 $aDi Pietro, Antonio,$d<1917-1973>.$0(OLS)http://semarc/name/6036 245 10$aVolume 2. 300 $a302 p. 490 0 $aBiblioteca scientifica [Centro librario] 490 0 $aBiblioteca scientifica. Sezione filologica ;$v6 500 $aFondo Card. Giovanni Colombo. 773 0 $aDi Pietro, Antonio <1917-1973>$tOpera di Ugo Betti.$dBari : Centro librario, 1966-1968.$kBiblioteca scientifica. Sezione filologica$w()12662 830 0$aBiblioteca scientifica. Sezione filologica ;$v6.$0(OLS)http://semarc/title/16857 830 0$aBiblioteca scientifica.$0(OLS)http://semarc/title/419404 850 $aSeMil 852 $aSeMil$W1$xVenegono$y1$m1O VI 236$j236549$B120808$CSeMilBibl$Z2$F132563 $81 941 1 $a3 961 $aLascito: Colombo Card. Giovanni 996 $6245$aVolume 2$9(OLS)http://semarc/title/11564